00521nam a2200217 a 4500001001300000003000900013005001700022008004100039020000900080082001700089100001900106245001900125260004000144300000900184500003500193505001000228650001800238650001700256650001100273700001900284nice12345678IN_TiNIC20260116012428.0050524s1985 hyda grp 000 0 urd  ac1000a954.035bAKH aAkhtar, Wajidi aMeri Do Ankhen aHyderabadbHussami Book Depotc1985 a128p aincludes index and biblioraphy2 aIndex aIndia-History aIndia-Nizams aNizams1 aAkhtar, Wajidi